La ciudad y el medio natural

Saved in:
Bibliographic Details
Main Author: Fariña Tojo, José (Author)
Format: Book
Language:Spanish
Published: Madrid Akal 2007
Edition:3a. ed
Series:Akal/Textos de Arquitectura, 3
Subjects:
Tags: Add Tag
No Tags, Be the first to tag this record!

MARC

LEADER 00000cam a2200000 a 4500
001 UCG0632
003 CL-VaPUC
005 20240318154301.0
008 100401e20070000SP |||||||||||||||||spa|d
999 |c 340192  |d 340190 
020 |a 9788446016571 
040 |c Pontificia Universidad Católica de Valparaíso 
082 0 4 |a 711.4  |b FAR  |2 21 
100 0 |a Fariña Tojo, José  |e author  |9 548085 
245 1 3 |a La ciudad y el medio natural 
250 |a 3a. ed 
260 |a Madrid  |b Akal  |c 2007 
300 |a 342 p 
490 0 |a Akal/Textos de Arquitectura, 3 
583 |a last modification  |c 20140106 03:53:08  |k Rodrigo Vera 
650 0 |a Urbanización   |9 265706 
650 0 |a Desarrollo urbano  |2 CL-VaPUC  |9 267493 
650 0 |a Planificación urbana   |9 258176 
650 0 |a Medio ambiente  |9 257626  |x Protección 
650 0 |a Análisis de suelos   |9 524831 
942 |c BK  |2 ddc 
945 |d 20100401 00:00:00  |a rbrito 
952 |0 0  |1 0  |4 0  |6 711_400000000000000_FAR_2007  |7 0  |8 A  |9 434731  |a BIBING  |b BIBING  |d 2019-11-22  |i 465580K  |o 711.4 FAR 2007  |p 465580K  |r 2025-01-20  |w 2019-11-22  |y BK  |k CCL 
952 |0 0  |1 0  |3 erb  |4 0  |6 711_400000000000000_FAR_2007  |7 0  |8 A  |9 434732  |a BIBING  |b BIBING  |i 5045894  |o 711.4 FAR 2007  |p 5045894  |r 2025-01-20  |w 2019-11-22  |y BK  |z Catalogado en:20140109  |k GEO 
952 |0 0  |1 0  |3 erb  |4 0  |6 711_400000000000000_FAR_2007  |7 0  |8 A  |9 434733  |a BIBING  |b BIBING  |i 5291054  |o 711.4 FAR 2007  |p 5291054  |r 2025-01-20  |w 2019-11-22  |y BK  |z Catalogado en:20160609  |k GEO